• 首页
  • 本馆介绍
  • 公告通知
  • 最新文献
  • 馆藏检索
  • 电子资源
  • 读者导购
  • 参考咨询
  • 我的图书馆
  • 登录
  • 详细信息显示
  • 放入我的书架
  • 预约/预借图书
  • 作者相关作品
  • 分类相关作品
  • 丛书相关作品
  • 出版社相关作品

书目信息

  • 表格格式
  • 工作单格式
  • 卡片格式
题名:
财产与责任保险原理
    
 
作者: 卢瑟亚特 , Luthardt 著 ;英勇 , 于小东 总译校
分册:  
出版信息: 北京   北京大学出版社  2003
页数: 10,286页
开本: 23cm
丛书名:
单 册:
中图分类: F840.65
科图分类:
主题词: 财产保险--教材 , 责任保险--教材 , 财产保险 , 责任保险
电子资源:
ISBN: 7-301-06359-8
000 01302nam0 2200337 450
001 012007080165
005 20070517085619.00
010    @a7-301-06359-8@dCNY32.00
100    @a20070514d2003 km y0chiy0120 ea
101 1  @achi@ceng
102    @aCN@b110000
105    @aa z 000yy
106    @ar
200 1  @a财产与责任保险原理@Acai chan yu ze ren bao xian yuan li@f(美)康斯坦斯·M.卢瑟亚特(Constance M.Luthardt)等著@F(mei)kang si tan si·M.lu se ya te(Constance M.Luthardt)deng zhu@g英勇,于小东总译校@Gying yong,yu xiao dong zong yi xiao
210    @a北京@c北京大学出版社@d2003
215    @a10,286页@c图@d23cm
300    @a普通保险系列教材
305    @a据原文第3版译出
330    @a全书分为三部分。阐述保险的基本原理以及保险业的基本状况;介绍了保险营销、承保、理赔的运作与各自的作用以及保险合同、损失风险和风险管理等内容。
510 1  @aProperty and liability insurance principles@zeng
606 0  @a财产保险@j教材
606 0  @a责任保险@j教材
606 0  @a财产保险
606 0  @a责任保险
690    @aF840.65@v4
701  1 @c(美)@a卢瑟亚特@Alu se ya te@b康斯坦斯·M.@4著
701  1 @c(美)@aLuthardt@bConstanceM.@4著
702  0 @a英勇@Aying yong@c(保险)@4总译校
702  0 @a于小东@Ayu xiao dong@c(保险)@4总译校
801  0 @aCN@bRULIN@c20070517
905    @dF840.65@e23@s8
    
    财产与责任保险原理/(美)康斯坦斯·M.卢瑟亚特(Constance M.Luthardt)等著/英勇,于小东总译校.-北京:北京大学出版社,2003
    10,286页:图;23cm
    普通保险系列教材
    
    ISBN 7-301-06359-8:CNY32.00
    全书分为三部分。阐述保险的基本原理以及保险业的基本状况;介绍了保险营销、承保、理赔的运作与各自的作用以及保险合同、损失风险和风险管理等内容。
●
相关链接 在E读中查询图书 在五车中查询图书 在当当中查询图书 在豆瓣中查询图书


正题名:财产与责任保险原理     索取号:F840.65/23         预约/预借

序号 登录号 条形码 馆藏地/架位号 状态 备注
1 0577793   205777934   第一样本阅览室/ [索取号:F840.65/23] 在馆    
2 0577794   205777943   密集书库/ [索取号:F840.65/23] 在馆    
3 0577795   205777952   第一借阅区/ [索取号:F840.65/23] 在馆    
4 0577796   205777961   第一借阅区/ [索取号:F840.65/23] 在馆    
5 0577797   205777970   第一借阅区/ [索取号:F840.65/23] 在馆    
6 0577798   205777989   第一借阅区/ [索取号:F840.65/23] 在馆    
7 0577799   205777998   密集书库/ [索取号:F840.65/23] 在馆    
8 0577800   205778005   密集书库/ [索取号:F840.65/23] 在馆    
唐山师范学院图书馆 欢迎您!
大连网信软件有限公司© 版权所有